000 00913nam a22002417a 4500
999 _c7094
_d7094
003 AR-CdUCM
008 190318b ||||| |||| 00| 0 spa d
040 _aMUNICIPALIDAD PROVINCIAL DEL CUSCO
_cBIBLIOTECA MUNICIPAL DEL CUSCO
082 _a080 /
_bSA18
110 _aSalvat Editores, S.A.
_918368
245 _aBiblioteca Salvat de Grandes Temas :
_bLos partidos políticos /
260 _aEspaña
_bSalvat Editores, S.A.,
_c1975.
300 _bIlustraciones en color,
_c20 cm.
_a144 páginas ;
440 _aBiblioteca Salvat de Grandes Temas
_n90
_919985
505 _aContenido: Génesis y tipología de los partidos políticos -- Oranisación y estructura de los partidos políticos. La estasiología
650 _aEnciclopedia
_918213
650 _aHumanidades
_9641
650 _aCultura
_9126
650 _aColección
_92826
650 _aPolítica
_9291
942 _2ddc
_cLIBROS
945 _admma